000 00565nam a2200241Ia 4500
008 210210b1907 xxu||||| |||| 00| 0 eng d
041 _aeng
082 _a826/228
100 _aWARD (A W)
245 _aCambridge history of english literature Vol I
260 _aCambridge
_bAt the University Press
_c1907
440 _aI
650 _aVol
650 _aof
650 _aliterature
650 _aI
650 _ahistory
650 _aenglish
650 _aCambridge
690 _aHistory of Literature
700 _aWALLER (A R)
906 _a015776
999 _c135166
_d135166